Normal view
MARC view
- Alareefi, Muhammad Bin Abdir-Rahmaan
Entry Personal Name
001 - CONTROL NUMBER
- control field: 111474
003 - CONTROL NUMBER IDENTIFIER
- control field: NUST
005 - DATE AND TIME OF LATEST TRANSACTION
- control field: 20230327134416.0
008 - FIXED-LENGTH DATA ELEMENTS
- fixed length control field: 230327|| aca||aabn | a|a d
040 ## - CATALOGING SOURCE
- Original cataloging agency: NUST
- Transcribing agency: NUST
100 ## - HEADING--PERSONAL NAME
- Personal name: Alareefi, Muhammad Bin Abdir-Rahmaan
670 ## - SOURCE DATA FOUND
- Source citation: Work cat.: (NUST)594345: Alareefi, Muhammad Bin Abdir-Rahmaan, The Last World, 2016.
